000 00635nam a2200193Ii 4500
003 JO-AjNU
008 230605s9999||||xx |||||||||||||| ||und||
040 _aJO-AjNU
_bara
_erda
_cJO-AjNU
041 _aara
050 1 4 _aPR2828.A3.A69 1984
100 3 _aشكسبير، وليم,
_eauthor
_913524
245 0 0 _aالعين بالعين كما تدين تدان
264 3 1 _aبيروت: دار مكتبة الحياة،1984
300 _a150ص
336 _atext
_btxt
_2rdacontent
337 _aunmediated
_bn
_2rdamedia
338 _avolume
_bnc
_2rdacarrier
650 4 _aالمسرح الإنجليزي - وليم شكسبير
_913525
999 _aA3390
_c6958
_d6958